A quelle mythologie appartient ce dieu ou cette déesse ? (4) - Statistiques

Statistiques générales
  • Ce quiz a été pris 76 fois
  • Le résultat moyen est 12 sur 26
Statistiques - réponses
Hint Réponse % Correct
Osiris égyptienne
92%
Dionysos grecque
92%
Shennong chinoise
85%
Junon romaine
80%
Xiwangmu chinoise
78%
Janus romaine
68%
Toutatis celtique
60%
Faunus romaine
58%
Chiyou chinoise
55%
Tefnout égyptienne
54%
Frigg germanique
49%
Omecihuatl aztèque
48%
Quetzalcoatl aztèque
48%
Freyja germanique
48%
Triglav slave
43%
Ometecuhtli aztèque
34%
Xbalanqué maya
31%
Shou égyptienne
28%
Ishtar mésopotamienne
26%
Belisama celtique
23%
Inti inca
20%
Lug celtique
17%
Aenon berbère
15%
Illapa inca
15%
Ormazd perse
15%
Rod slave
14%
Aucun quiz correspondant
Distribution des résultats
% des personnes avec chaque résultat
Percentile par nombre de réponses
Votre historique - résultats
Vous n’avez pas pris ce quiz